书目信息 |
| 题名: |
印度古今事跡考略
|
|
| 作者: | 货尔况兑奈司 著 ;汪治 译 | |
| 分册: | ||
| 出版信息: | 北京 文物出版社 2022.07 |
|
| 页数: | 179页 | |
| 开本: | 24cm | |
| 丛书名: | 海上絲綢之路基本文獻叢書 | |
| 单 册: | ||
| 中图分类: | D735.10 | |
| 科图分类: | ||
| 主题词: | 政治--zheng zhi--概况--印度 | |
| 电子资源: | ||
| ISBN: | 978-7-5010-7678-9 | |
| 000 | 01199nam 2200301 450 | |
| 001 | CAL 012022013822 | |
| 005 | 20230217093113.0 | |
| 010 | @a978-7-5010-7678-9@b精装@dCNY90.00 | |
| 100 | @a20220913e2022 em y0chiy0120 ea | |
| 101 | 1 | @achi@ceng |
| 102 | @aCN@b110000 | |
| 105 | @ay z 000yy | |
| 106 | @ar | |
| 200 | 1 | @a印度古今事跡考略@Ayin du gu jin shi ji kao lve@f(英) 貨爾況兌奈司著@g汪治譯 |
| 205 | @a影印本 | |
| 210 | @a北京@c文物出版社@d2022.07 | |
| 215 | @a179页@d24cm | |
| 225 | 2 | @a海上絲綢之路基本文獻叢書@Ahai shang si chou zhi lu ji ben wen xian cong shu |
| 330 | @a本编注重史料的珍稀性, 从《海上丝绸之路历史文化丛书》中遴选出菁华, 拟出版百册单行本。本编所选之文献, 其编纂的年代下限至一九四九年。本编排序无严格定式, 所选之文献篇幅以二百余页为宜, 以便读者阅读使用。本编所选文献, 每种前皆注明版本、著者。本册为印度古今事迹考略。 | |
| 410 | 0 | @12001 @a海上絲綢之路基本文獻叢書 |
| 518 | 1 | @a印度古今事迹考略 |
| 606 | 0 | @a政治@Azheng zhi@x概况@y印度 |
| 690 | @aD735.10@v5 | |
| 701 | 1 | @a货尔况兑奈司@Ahuo er kuang dui nai si@4著 |
| 702 | 0 | @a汪治@Awang zhi@4译 |
| 730 | 1 | @a貨爾況兌奈司@4著 |
| 801 | 0 | @aCN@bBJXHZP@c20230228 |
| 905 | @b1397213-6@dD735.10@e481@f4 | |
| 印度古今事跡考略/(英) 貨爾況兌奈司著/汪治譯.-影印本.-北京:文物出版社,2022.07 |
| 179页;24cm.-(海上絲綢之路基本文獻叢書) |
| ISBN 978-7-5010-7678-9(精装):CNY90.00 |
| 本编注重史料的珍稀性, 从《海上丝绸之路历史文化丛书》中遴选出菁华, 拟出版百册单行本。本编所选之文献, 其编纂的年代下限至一九四九年。本编排序无严格定式, 所选之文献篇幅以二百余页为宜, 以便读者阅读使用。本编所选文献, 每种前皆注明版本、著者。本册为印度古今事迹考略。 |
| ● |
| 相关链接 |
|
|
|
|
正题名:印度古今事跡考略
索取号:D735.10/481
 
预约/预借
| 序号 | 登录号 | 条形码 | 馆藏地/架位号 | 状态 | 备注 |
| 1 | 1397213 | 213972138 | 第一样本阅览室/ [索取号:D735.10/481] | 在馆 | |
| 2 | 1397214 | 213972147 | 第一借阅区/ [索取号:D735.10/481] | 在馆 | |
| 3 | 1397215 | 213972156 | 第一借阅区/ [索取号:D735.10/481] | 在馆 | |
| 4 | 1397216 | 213972165 | 第一借阅区/ [索取号:D735.10/481] | 在馆 |